Differentiation in Action: Secondary.
At Whitmore Secondary School, Harrow, history teacher James Rebbitt has a wide range of achievement in his class, from pupils with statements of educational need, those with specific learning difficulties and two of the students are on the gifted and talented register. This means that lessons are st...
| Format: | Video |
|---|---|
| Language: | English |
| Language Notes: | In English. Original language in English. |
| Published: |
[Place of publication not identified] :
Teachers TV/UK Department of Education,
2007.
|
| Series: | Special Needs ;
2 |
| Subjects: | |
| Online Access: | Connect to this streaming video (Alexander Street Press) |
MARC
| Tag | First Indicator | Second Indicator | Subfields |
|---|---|---|---|
| LEADER | 00000ngm a2200000Mi 4500 | ||
| 001 | in00005604313 | ||
| 006 | m o c | ||
| 007 | cr |n||||||||a | ||
| 007 | vz |za|z| | ||
| 008 | 160329s2007 xx 019 e o vneng d | ||
| 005 | 20241201235032.8 | ||
| 035 | |a (OCoLC)on1347574439 | ||
| 040 | |a VJA |b eng |e rda |c VJA | ||
| 035 | |a (OCoLC)1347574439 | ||
| 049 | |a TXAM | ||
| 245 | 0 | 0 | |a Differentiation in Action: Secondary. |
| 264 | 1 | |a [Place of publication not identified] : |b Teachers TV/UK Department of Education, |c 2007. | |
| 300 | |a 1 online resource (19 minutes). | ||
| 306 | |a 001803 | ||
| 336 | |a two-dimensional moving image |b tdi |2 rdacontent | ||
| 337 | |a video |b v |2 rdamedia | ||
| 337 | |a computer |b c |2 rdamedia | ||
| 338 | |a other |b vz |2 rdacarrier | ||
| 338 | |a online resource |b cr |2 rdacarrier | ||
| 347 | |a data file |2 rda | ||
| 490 | 0 | |a Special Needs ; |v 2 | |
| 546 | |a In English. | ||
| 546 | |a Original language in English. | ||
| 500 | |a Title from resource description page (viewed March 29, 2016). | ||
| 520 | |a At Whitmore Secondary School, Harrow, history teacher James Rebbitt has a wide range of achievement in his class, from pupils with statements of educational need, those with specific learning difficulties and two of the students are on the gifted and talented register. This means that lessons are structured for differentiating the task. This programme follows a lesson about the lives of children in the workhouse and shows how James successfully differentiates for the achievement of all pupils. Within the lesson there is scope for pupils to assess their own levels of competence while James tailors questions to meet the needs of his pupils to determine their level of understanding. We also hear the pupils talking about the teaching styles they prefer and they reveal their preference for mixed achievement groupings so that peer support is enabled. | ||
| 650 | 4 | |a Teaching Methods. | |
| 650 | 4 | |a Teacher Training. | |
| 650 | 4 | |a Special Education. | |
| 650 | 4 | |a Gifted and Talented Education. | |
| 650 | 4 | |a Curriculum. | |
| 650 | 4 | |a Secondary Education. | |
| 655 | 4 | |a Instructional. | |
| 856 | 4 | 0 | |u http://proxy.library.tamu.edu/login?url=https://www.aspresolver.com/aspresolver.asp?AVN2;1781473 |z Connect to this streaming video (Alexander Street Press) |t 0 |
| 955 | |a Alexander Street Press subscription streaming video | ||
| 994 | |a 92 |b TXA | ||
| 999 | f | f | |s 429e6a3e-142d-4a8e-bd8f-55ffc4dd59b5 |i aade3bb7-92c5-4a19-baff-b3a3f56fbd50 |t 0 |
| 952 | f | f | |a Texas A&M University |b College Station |c Electronic Resources |d Available Online |t 0 |h Library of Congress classification |
| 998 | f | f | |t 0 |l Available Online |